Finančná analýza vybraného podniku a medzipodnikové porovnanie diplomová práca

Gespeichert in:
Bibliographische Detailangaben
1. Verfasser: Rákošová, Andrea
Körperschaft: Národohospodárska fakulta EU. Katedra financií
Weitere Verfasser: Mikócziová, Jana
Format: Buch
Sprache:Slowakisch
Veröffentlicht: Bratislava 2011
Tags: Tag hinzufügen
Keine Tags, Fügen Sie das erste Tag hinzu!

MARC

LEADER 00000nbm a2200000 4500
001 0130789
005 20161109101618.1
041 0 |a slo 
044 |a SK 
245 1 0 |a Finančná analýza vybraného podniku a medzipodnikové porovnanie  |b diplomová práca  |c Andrea Rákošová ; školiteľ: Jana Mikócziová 
264 1 |a Bratislava  |c 2011 
300 |a 70 s. 
100 1 |a Rákošová, Andrea 
700 1 |a Mikócziová, Jana 
710 2 |a Národohospodárska fakulta EU. Katedra financií